| 000 | 00754nam a22001817a 4500 | ||
|---|---|---|---|
| 008 | 110816t1997 xxu||||g |||| 00| 0 ara d | ||
| 020 | _a9772467119 | ||
| 082 |
_222 _a615.2 _bي و ي |
||
| 100 |
_926740 _aيويريش،ن |
||
| 245 |
_aالعلاج بعسل النحل / _cتأليف ن.يويريش؛ ترجمة محمد الحلوجى |
||
| 260 |
_aالقاهرة: _bدار المعارف،[1997.] _c[1997]. |
||
| 300 |
_a ،280 ص _c24سم. |
||
| 650 |
_921920 _aعسل النحل _xالاستخدام العلاجي |
||
| 653 |
_bGeneral _cAugust2011 |
||
| 700 |
_926741 _aالحلوجى،محمد |
||
| 942 |
_2ddc _cBB |
||
| 999 |
_c15847 _d15847 |
||